000 00624nam a2200217Ii 4500
003 JO-AjNU
008 230606s9999||||xx |||||||||||||| ||und||
020 _a81-239-0989-6
040 _aJO-AjNU
_beng
_erda
_cJO-AjNU
041 _aeng
050 1 4 _aTA683.2.R34 2014
100 3 _aRaju, Krishna,
_eauthor
_94687
245 0 0 _aDesign of Reinforced Concrete Structures
250 _a3 ed
264 3 1 _aNew Delhi :cbc ,2014
300 _a478P
336 _atext
_btxt
_2rdacontent
337 _aunmediated
_bn
_2rdamedia
338 _avolume
_bnc
_2rdacarrier
650 4 _aDesign of Reinforced Concrete Structures
_94688
999 _aE2429
_c2427
_d2427